| 000 | 00577nam a2200217Ia 4500 | ||
|---|---|---|---|
| 003 | GCL | ||
| 008 | 140319s9999 xx 000 0 eng d | ||
| 020 | _a0782141307 | ||
| 040 |
_aGCL / _cGCL |
||
| 082 | 0 | 4 |
_a005.3 _bM W |
| 100 | 1 | _aANDERSON, CHESTER G. | |
| 245 | 1 | 0 |
_aWINDOWS SERVER 2003 / _cANDERSON, CHESTER G. |
| 700 | 1 | _aMINASI, MARK | |
| 700 | 1 | _aBEVERIDGE, MICHELE | |
| 260 |
_aنيويورك : _bSYBEX ، _c2003 |
||
| 300 |
_a24 CM ؛ _c1753 P |
||
| 650 | 0 | 4 | _aWINDOWS COMPUTER SYSTEMS |
| 650 | 0 | 4 | _aWINDOWS PROGRAM |
| 650 | 0 | 4 | _aWINDOWS 2003 |
| 942 |
_2ddc _cBK |
||
| 999 |
_c7276 _d7276 |
||